000 00912nmm a2200253 a 4500
001 ocm000667945
003 TR-IsHL
005 20201028133413.0
008 131121s1989 tu tur
007 cr cn
035 _a667945
_b(N$T)
050 0 4 _aJS6959.B36
_bV37 1989
090 0 4 _aJS6959.B36
_bV37 1989
100 1 _aVarol, Muharrem
245 1 0 _aYerel siyasetin demokratikleşmesi
_h[electronic resource] /
_cMuharrem Varol
260 _aAnkara :
_bGündogan Yayınları,
_c1989
300 _a424 p.
650 4 _aPolitika ve Uluslararası İlişkiler
650 4 _aPolitics and International Relations
650 0 _aBandırma (Türkiye)
_x Siyaset ve yönetim
650 0 _aBandırma (Turkey)
_x Politics and government
650 7 _aPOLITICAL SCIENCE / World / Middle Eastern
_2bisacsh
856 4 0 _uhttp://search.ebscohost.com/login.aspx?direct=true&scope=site&db=e011xww&AN=667945
999 _c5623
_d5623